LEADER 01020nam--2200337---450- 001 990002471360203316 005 20090715162834.0 010 $a88-13-25295-1 035 $a000247136 035 $aUSA01000247136 035 $a(ALEPH)000247136USA01 035 $a000247136 100 $a20050914d2004----km-y0itay0103----ba 101 $aita 102 $aIT 105 $a||||||||001yy 200 1 $a<> fenomeni acquisitivi da eventi materiali$eartt. 934-940 c.c.$fRaffaella Messinetti 210 $aPadova$cCEDAM$d2004 215 $aXIV, 286 p.$d24 cm 606 0 $aProprietą$yItalia 676 $a346.4504362 700 1$aMESSINETTI,$bRaffaella$0471798 801 0$aIT$bsalbc$gISBD 912 $a990002471360203316 951 $aXXV.1.F 165 (IG I 2277)$b46378 G.$cXXV.1.F 165 (IG I)$d00128814 959 $aBK 969 $aGIU 979 $aMARIASEN$b90$c20050914$lUSA01$h1441 979 $aRSIAV4$b90$c20090715$lUSA01$h1628 996 $aFenomeni acquisitivi da eventi materiali$9228131 997 $aUNISA LEADER 00873nam0-22003131i-450 001 990003295970403321 005 20220505141712.0 010 $a88-348-8065-X 035 $a000329597 035 $aFED01000329597 035 $a(Aleph)000329597FED01 035 $a000329597 100 $a20000920d1998----km-y0itay50------ba 101 0 $aita 105 $ay-------001yy 200 1 $aMontagne a confronto$eAlpi e Appennini nella transizione attuale$fGuglielmo Scaramellini (a cura di) 210 $aTorino$cGiappichelli$d1998 215 $ap.343 610 0 $aOrografia 676 $a551.432 702 1$aScaramellini,$bGuglielmo$f<1947- > 801 0$aIT$bUNINA$gRICA$2UNIMARC 901 $aBK 912 $a990003295970403321 952 $a050.012.SCA.01$b1435$fDECGE 959 $aDECGE 996 $aMONTAGNE A CONFRONTO$9446082 997 $aUNINA DB $aING01 LEADER 02613nam 2200589 450 001 9910815999003321 005 20230721031124.0 010 $a1-281-16404-6 010 $a9786611164041 010 $a0-19-153047-6 010 $a1-4294-8992-8 035 $a(CKB)1000000000409145 035 $a(EBL)416024 035 $a(OCoLC)476246592 035 $a(SSID)ssj0000266715 035 $a(PQKBManifestationID)11213429 035 $a(PQKBTitleCode)TC0000266715 035 $a(PQKBWorkID)10304954 035 $a(PQKB)11498825 035 $a(MiAaPQ)EBC416024 035 $a(MiAaPQ)EBC4700171 035 $a(EXLCZ)991000000000409145 100 $a20170814h20072007 uy 0 101 0 $aeng 181 $ctxt 182 $cc 183 $acr 200 10$aVanities of the eye $evision in early modern European culture /$fStuart Clark 210 1$aOxford, [England] :$cOxford University Press,$d2007. 210 4$d©2007 215 $a1 online resource (428 p.) 300 $aDescription based upon print version of record. 311 $a0-19-925013-8 320 $aIncludes bibliographical references and index. 327 $aSpecies : visions and values -- Fantasies : seeing without what was within -- Prestiges : illusions in magic and art -- Glamours : demons and virtual worlds -- Images : the reformation of the eyes -- Apparitions : the discernment of spirits -- Sights : King Saul and King Macbeth -- Seemings : philosophical scepticism -- Dreams : the epistemology of sleep -- Signs : vision and the new philosophy. 330 $aIn this original and fascinating book, Stuart Clark investigates the cultural history of the senses in early modern Europe. At a time in which the nature and reliability of human vision was a focus for debate in medicine, art theory, science, and philosophy, there was an explosion of interest in the truth (or otherwise) of miracles, dreams, magic, and witchcraft. Was seeing really believing? Vanities of the Eye wonderfully illustrates how this was woven into contemporary. works such as Macbeth - deeply concerned with the dangers of visual illusion - and exposes early modern theories on the rel 606 $aVision 606 $aPhilosophy, Modern 607 $aEurope$xCivilization 615 0$aVision. 615 0$aPhilosophy, Modern. 676 $a121.35 676 $a121/.35 686 $a15.70$2bcl 700 $aClark$b Stuart$0223740 801 0$bMiAaPQ 801 1$bMiAaPQ 801 2$bMiAaPQ 906 $aBOOK 912 $a9910815999003321 996 $aVanities of the eye$9258237 997 $aUNINA